| 000 | 00937 a2200217 4500 | ||
|---|---|---|---|
| 020 | _a0198503970 | ||
| 020 | _a9780198503972 | ||
| 082 | 0 | 4 | _a620.1064 |
| 090 |
_c1365 _d1365 |
||
| 100 | 1 | _aChemin, Jean-Yves. | |
| 245 | 1 | 0 |
_aPerfect incompressible fluids / _cJean-Yves Chemin, Isabelle Gallagher, Dragos Iftimie. |
| 260 |
_a[S.l.] : _bOxford University Press, USA, _c1998. |
||
| 300 |
_a200 p. ; _c24 cm. |
||
| 490 | 1 | _aOxford lecture series in mathematics and its applications, 14. | |
| 700 | 1 | _aGallagher, Isabelle. | |
| 700 | 1 | _aIftimie, Dragos. | |
| 830 | 0 | _aOxford lecture series in mathematics and its applications, 14. | |
| 942 |
_aSNS _cBK _k620.1064 CHE |
||
| 999 |
_c29977 _d29977 |
||